000 01261nam a2200325 a 4500
001 000109830
003 CHAP
005 20220329144105.0
008 140602s2014 mx sm |||||||spa d
010 _a106292
011 _a107264
040 _cCHAP
090 _aTesis
100 1 _aQuintero Echeverría, Irene.
_9127155
245 1 0 _aPlagas y enfermedades en el cultivo de jitomate (Lycopersicum esculentum P Mill,) bajo condiciones de invernadero en Tultepec, Estado de México
_h[En línea]
_cpor Irene Quintero Echeverría.
260 _aChapingo, Méx. :
_bEl autor,
_c2014.
500 _aPara ver el contenido del material haga clic en la liga
502 _aTesis (Ing. Agr. Esp. en Parasitología Agrícola) -- UACH. Departamento de Parasitología Agrícola
590 _aBATCH-UPD
_b05
_c20140602
_lUCH01
_h0858
590 _aBATCH-UPD
_b05
_c20141002
_lUCH01
_h0904
590 _aE5765TAJ
_b05
_c20140602
_lUCH01
_h0857
590 _aE5765TAJ
_b05
_c20140602
_lUCH01
_h0858
650 1 4 _aTomate
_xCultivos en invernadero.
_9113704
650 1 4 _aTomate
_xEnfermedades.
_9113711
650 1 4 _aTomate
_xPlagas.
_9113748
856 _aFinding aid
_uhttp://10.13.5.2/tesis/sist109830.pdf
_zTeclea aquí
901 _aBK
942 _cTESIS
942 _n0
999 _c106292
_d106292